Problematika odpadového hospodárstva v strediskách cestovného ruchu
Nakladanie s komunálnym odpadom v podmienkach SR. Zabezpečovanie separovaného zberu odpadu v strediskách CR. Dochádza tu k stretu troch subjektov z ktorých každý má dôležitý podiel na rozvíjaní kvality životného prostredia, bez ktorého sa nemôže rozvíjať CR. Tieto subjekty sú obec, obyvatelia a podn...
Guardado en:
| Autor principal: | |
|---|---|
| Formato: | Capítulo de libro |
| Lenguaje: | eslovaco |
| Materias: | |
| Etiquetas: |
Sin Etiquetas, Sea el primero en etiquetar este registro!
|
MARC
| LEADER | 00000naa$a2200000$$$4500 | ||
|---|---|---|---|
| 001 | 0012047 | ||
| 005 | 20221104094856.0 | ||
| 041 | 0 | |a slo | |
| 044 | |a SK | ||
| 245 | 1 | 0 | |a Problematika odpadového hospodárstva v strediskách cestovného ruchu |c aut. Ľubomír Dendiš |
| 520 | |a Nakladanie s komunálnym odpadom v podmienkach SR. Zabezpečovanie separovaného zberu odpadu v strediskách CR. Dochádza tu k stretu troch subjektov z ktorých každý má dôležitý podiel na rozvíjaní kvality životného prostredia, bez ktorého sa nemôže rozvíjať CR. Tieto subjekty sú obec, obyvatelia a podnikatelia. Postavenie občana ako pôvodcu odpadu. Postavenie obce pri nakladaní s komunálnym odpadom. Separovaný zber odpadu z pohľadu firiem. | ||
| 610 | 2 | 0 | |a hospodárstvo odpadové |
| 610 | 2 | 0 | |a zber surovín |
| 610 | 2 | 0 | |a odpad komunálny |
| 610 | 2 | 0 | |a prostredie životné |
| 610 | 2 | 0 | |a strediská ruchu cestovného |
| 610 | 2 | 0 | |a obce |
| 100 | 1 | |a Dendiš, Ľubomír | |